书目信息 |
| 题名: |
胃病患者宜忌150条
|
|
| 作者: | 周福梅 主编 | |
| 分册: | ||
| 出版信息: | 上海 第二军医大学出版社 2008 |
|
| 页数: | 227页 | |
| 开本: | 21cm | |
| 丛书名: | 常见病宜忌丛书 | |
| 单 册: | ||
| 中图分类: | R573 | |
| 科图分类: | ||
| 主题词: | 胃疾病--防治--基本知识 , 胃疾病 | |
| 电子资源: | ||
| ISBN: | 978-7-81060-674-5 | |
| 000 | 00795oam2 2200253 450 | |
| 001 | 1531255316 | |
| 005 | 20150130084131.64 | |
| 010 | @a978-7-81060-674-5@dCNY16.00 | |
| 100 | @a20080118d2008 em y0chiy50 ea | |
| 101 | 0 | @achi |
| 102 | @aCN@b310000 | |
| 105 | @aa z 000yy | |
| 200 | 1 | @a胃病患者宜忌150条@9wei bing huan zhe yi ji 150 tiao@f周福梅主编 |
| 210 | @a上海@c第二军医大学出版社@d2008 | |
| 215 | @a227页@c图@d21cm | |
| 225 | 2 | @a常见病宜忌丛书 |
| 330 | @a本书从饮食、药物、生活习惯、运动和环境等方面着手,以生动、简洁的语言介绍了胃病患者的宜忌要点。 | |
| 461 | 0 | @12001 @a常见病宜忌丛书 |
| 606 | 0 | @a胃疾病@x防治@x基本知识 |
| 606 | 0 | @a胃疾病 |
| 690 | @aR573@v5 | |
| 701 | 0 | @a周福梅@9zhou fu mei@c(女)@4主编 |
| 801 | 0 | @aCN@bTSSF@c20150130 |
| 905 | @aZUCC@dR573@eJY354 | |
| 胃病患者宜忌150条/周福梅主编.-上海:第二军医大学出版社,2008 |
| 227页:图;21cm.-(常见病宜忌丛书) |
| ISBN 978-7-81060-674-5:CNY16.00 |
| 本书从饮食、药物、生活习惯、运动和环境等方面着手,以生动、简洁的语言介绍了胃病患者的宜忌要点。 |
| ● |
| 相关链接 |
|
|
|
|
正题名:胃病患者宜忌150条
索取号:R573/JY354
 
预约/预借
| 序号 | 登录号 | 条形码 | 馆藏地/架位号 | 状态 | 备注 |
| 1 | 7862398 | 278623982 | 学院路分馆/ [索取号:R573/JY354] | 在馆 | |
| 2 | 7862399 | 278623991 | 学院路分馆/ [索取号:R573/JY354] | 在馆 |